Primary structure of barwin: A barley seed protein closely related to the C-terminal domain of proteins encoded by wound-induced plant genes (Record no. 65695)

MARC details
000 -LEADER
fixed length control field 00488nam a2200157Ia 4500
100 ## - MAIN ENTRY--AUTHOR NAME
Personal name Svensson Birte
245 #0 - TITLE STATEMENT
Title Primary structure of barwin: A barley seed protein closely related to the C-terminal domain of proteins encoded by wound-induced plant genes
260 ## - PUBLICATION, DISTRIBUTION, ETC. (IMPRINT)
Name of publisher Biochemistry
Year of publication 1992
300 ## - PHYSICAL DESCRIPTION
Number of Pages 8767-8770
500 ## - GENERAL NOTE
General note Source Year: 1992
650 ## - SUBJECT ADDED ENTRY--TOPICAL TERM
Topical Term Barwin
650 ## - SUBJECT ADDED ENTRY--TOPICAL TERM
Topical Term Rubber trees
856 ## - ELECTRONIC LOCATION AND ACCESS
Uniform Resource Identifier BA
942 ## - ADDED ENTRY ELEMENTS (KOHA)
Koha item type Journals
Holdings
Withdrawn status Lost status Damaged status Not for loan Home library Current library Shelving location Date acquired Serial Enumeration / chronology Koha item type
      Journals RRII Library RRII Library Physiology 17/12/2021 Volume 31, Issue 37 Journals